{"text_format":"3","workbook":"xls","n_sheets":3,"sheets":["mt6757","NAND","emmc_region"],"not_rendered":{"external_links":1},"read":"whole","date_system":"1900","formulas":"cached_only"}

{"sheet":"mt6757","index":0,"n_rows":20,"n_cols":60,"rows_kept":20,"merged":[[0,0,2,0],[0,1,2,1],[0,2,2,2],[0,3,2,3],[0,4,2,4],[0,5,2,5],[0,6,2,6],[0,7,2,7],[0,8,2,8],[0,9,1,59]],"flags":["formulas_cached_only"]}
["Vendor","Part Number","Type","Mode","Density (Mb)","Board ID","NAND/eMMC ID","FW ID","Nand Page Size (B)","MT6757"]
[]
[{"$nulls":9},"CONA_VAL","CHN0_CONA_VAL","CHN1_CONA_VAL","CONF_VAL","CONH_VAL","FREQUENCY","TRAS","TRP","TRPAB","TRC","TRFC","TRFCPB","TXP","TRTP","TRCD","TWR","TWTR","TRRD","TFAW","TRTW_ODT_OFF","TRTW_ODT_ON","REFCNT","REFCNT_FR_CLK","TXREFCNT","TZQCS","TRTPD","TWTPD","TMRR2W_ODT_OFF","TMRR2W_ODT_ON","CHIP_ID","TRAS_05T","TRP_05T","TRPAB_05T","TRC_05T","TRFC_05T ","TRFCPB_05T","TXP_05T","TRTP_05T","TRCD_05T","TWR_05T","TWTR_05T","TRRD_05T","TFAW_05T","TRTW_ODT_OFF_05T","TRTW_ODT_ON_05T","TRTPD_05T ","TWTPD_05T ","TMRR2W_ODT_OFF_05T ","TMRR2W_ODT_ON_05T ","MODE_REG5","PIN_MUX_TYPE"]
[null,"LP3_DEFAULT_SETTING_2RANK_2GB","MCP(eMMC+LPDDR3)","CBT_NORMAL_MODE","8192+8192","MT6757_EVB",{"$nulls":3},"0x50535057","0x50535057","0x50535057","0x00421000","0x00000000",933,12,7,1,21,87,31,1,3,7,13,7,4,15,6,6,112,101,101,41,10,11,0,0,"mt6757",0,1,1,1,0,0,1,1,1,1,0,0,1,1,1,0,0,0,0,"0x00000000",0]
[null,"LP3_DEFAULT_SETTING_2RANK_3GB","MCP(eMMC+LPDDR3)","CBT_NORMAL_MODE","12288+12288","MT6757_EVB",{"$nulls":3},"0xa053a057","0xa053a057","0xa053a057","0x00421000","0x33330000",933,12,7,1,21,87,31,1,3,7,13,7,4,15,6,6,112,101,101,41,10,11,0,0,"mt6757",0,1,1,1,0,0,1,1,1,1,0,0,1,1,1,0,0,0,0,"0x00000000",0]
[null,"LP3_DEFAULT_SETTING_2RANK_4GB","MCP(eMMC+LPDDR3)","CBT_NORMAL_MODE","16384+16384","MT6757_EVB",{"$nulls":3},"0xa053a057","0xa053a057","0xa053a057","0x00421000","0x00000000",933,12,7,1,21,87,31,1,3,7,13,7,4,15,6,6,112,101,101,41,10,11,0,0,"mt6757",0,1,1,1,0,0,1,1,1,1,0,0,1,1,1,0,0,0,0,"0x00000000",0]
[null,"LP3_DEFAULT_SETTING_1RANK_2GB","MCP(eMMC+LPDDR3)","CBT_NORMAL_MODE",16384,"MT6757_EVB",{"$nulls":3},"0x20102017","0x20102017","0x20102017","0x00421000","0x00000000",933,12,7,1,21,87,31,1,3,7,13,7,4,15,6,6,112,101,101,41,10,11,0,0,"mt6757",0,1,1,1,0,0,1,1,1,1,0,0,1,1,1,0,0,0,0,"0x00000000",0]
[null,"LP3_DEFAULT_SETTING_2RANK_2GB","MCP(eMMC+LPDDR4)","CBT_NORMAL_MODE","8192+8192","MT6757_EVB",{"$nulls":3},"0x50535057","0x50535057","0x50535057","0x00421000","0x00000000",1600,9,6,1,17,61,17,1,3,6,13,7,3,8,9,9,97,101,78,34,12,12,11,11,"mt6757",1,1,0,1,0,0,0,1,1,1,0,0,0,0,0,0,0,0,0,"0x00000000",0]
[null,"LP4_DEFAULT_SETTING_2RANK_3GB","MCP(eMMC+LPDDR4)","CBT_NORMAL_MODE","12288+12288","MT6757_EVB",{"$nulls":3},"0xa053a057","0xa053a057","0xa053a057","0x00421000","0x33330000",1600,9,6,1,17,61,17,1,3,6,13,7,3,8,9,9,97,101,78,34,12,12,11,11,"mt6757",1,1,0,1,0,0,0,1,1,1,0,0,0,0,0,0,0,0,0,"0x00000000",0]
[null,"LP4_DEFAULT_SETTING_2RANK_4GB","MCP(eMMC+LPDDR4)","CBT_NORMAL_MODE","16384+16384","MT6757_EVB",{"$nulls":3},"0xa053a057","0xa053a057","0xa053a057","0x00421000","0x00000000",1600,9,6,1,17,61,17,1,3,6,13,7,3,8,9,9,97,101,78,34,12,12,11,11,"mt6757",1,1,0,1,0,0,0,1,1,1,0,0,0,0,0,0,0,0,0,"0x00000000",0]
[null,"LP4_DEFAULT_SETTING_1RANK_2GB","MCP(eMMC+LPDDR4)","CBT_NORMAL_MODE",16384,"MT6757_EVB",{"$nulls":3},"0x20102017","0x20102017","0x20102017","0x00421000","0x00000000",1600,9,6,1,17,61,17,1,3,6,13,7,3,8,9,9,97,101,78,34,12,12,11,11,"mt6757",1,1,0,1,0,0,0,1,1,1,0,0,0,0,0,0,0,0,0,"0x00000000",0]
[null,"LP4X_DEFAULT_SETTING_2RANK_2GB","MCP(eMMC+LPDDR4X)","CBT_NORMAL_MODE","8192+8192","MT6757_EVB",{"$nulls":3},"0x50535057","0x50535057","0x50535057","0x00421000","0x00000000",1600,9,6,1,17,61,17,1,3,6,13,7,3,8,9,9,97,101,78,34,12,12,11,11,"mt6757",1,1,0,1,0,0,0,1,1,1,0,0,0,0,0,0,0,0,0,"0x00000000",0]
[null,"LP4X_DEFAULT_SETTING_2RANK_3GB","MCP(eMMC+LPDDR4X)","CBT_NORMAL_MODE","12288+12288","MT6757_EVB",{"$nulls":3},"0xa053a057","0xa053a057","0xa053a057","0x00421000","0x33330000",1600,9,6,1,17,61,17,1,3,6,13,7,3,8,9,9,97,101,78,34,12,12,11,11,"mt6757",1,1,0,1,0,0,0,1,1,1,0,0,0,0,0,0,0,0,0,"0x00000000",0]
[null,"LP4X_DEFAULT_SETTING_2RANK_4GB","MCP(eMMC+LPDDR4X)","CBT_NORMAL_MODE","16384+16384","MT6757_EVB",{"$nulls":3},"0xa053a057","0xa053a057","0xa053a057","0x00421000","0x00000000",1600,9,6,1,17,61,17,1,3,6,13,7,3,8,9,9,97,101,78,34,12,12,11,11,"mt6757",1,1,0,1,0,0,0,1,1,1,0,0,0,0,0,0,0,0,0,"0x00000000",0]
[null,"LP4X_DEFAULT_SETTING_1RANK_2GB","MCP(eMMC+LPDDR4X)","CBT_NORMAL_MODE",16384,"MT6757_EVB",{"$nulls":3},"0x20102017","0x20102017","0x20102017","0x00421000","0x00000000",1600,9,6,1,17,61,17,1,3,6,13,7,3,8,9,9,97,101,78,34,12,12,11,11,"mt6757",1,1,0,1,0,0,0,1,1,1,0,0,0,0,0,0,0,0,0,"0x00000000",0]
["Hynix ","H9HP27ACVUMDAR","MCP(eMMC+LPDDR4)","CBT_BYTE_MODE1","16384+16384","MT6757_EVB","0x90014A484247386134",null,null,"0xf053f154","0x0400F051","0x0400F051","0x00042100","0x00000000",1600,8,5,1,16,60,24,1,2,6,12,7,2,7,6,9,97,101,78,34,12,12,9,11,"mt6757",1,1,0,1,0,0,0,1,1,1,0,0,0,0,0,0,0,0,0,"0x00000006",0]
["Hynix ","H9TQ26ADFTBCUR","MCP(eMMC+LPDDR3)","CBT_NORMAL_MODE","16384+8192","MT6757_EVB","0x90014A484247346132",null,null,"0x0002a062","0x0000a063","0x00000002","0x04210000","0x00000000",933,12,7,1,21,87,31,1,3,7,13,7,4,15,6,6,112,101,101,41,10,11,0,0,"mt6757",0,1,1,1,0,0,1,1,1,1,0,0,1,1,1,0,0,0,0,"0x00000006",0]
["Samsung","KMWX10016M_B619","MCP(eMMC+LPDR4X)","CBT_BYTE_MODE1","16384+16384","MT6757_EVB","0x150100575831364D42",null,null,"0xf053f154","0x0400F051","0x0400F051","0x00042100","0x00000000",1600,8,5,1,16,60,24,1,2,6,13,8,2,7,6,9,97,101,78,34,12,12,9,11,"mt6757",1,1,0,1,0,0,0,1,1,1,0,0,0,0,0,0,0,0,0,"0x00000001",0]
["Hynix ","H9HP52ACPMMDAR","MCP(eMMC+LPDR4X)","CBT_NORMAL_MODE","16384+16384","MT6757_EVB","0x90014A484347386134",null,null,"0xf053f154","0x0400F051","0x0400F051","0x00042100","0x00000000",1600,8,5,1,16,100,44,1,2,6,12,7,2,7,5,8,97,101,118,34,11,12,8,10,"mt6757",1,1,0,1,0,0,0,1,1,1,0,0,0,0,0,0,0,0,0,"0x00000006",0]
["Samsung","KMWC10016M_B812","MCP(eMMC+LPDR4X)","CBT_BYTE_MODE1","16384+16384","MT6757_EVB","0x150100574331364D42",null,null,"0xf053f154","0x0400F051","0x0400F051","0x00042100","0x00000000",1600,8,5,1,16,60,24,1,2,6,13,8,2,7,6,9,97,101,78,34,12,12,9,11,"mt6757",1,1,0,1,0,0,0,1,1,1,0,0,0,0,0,0,0,0,0,"0x00000001",0]

{"sheet":"NAND","index":1,"n_rows":6,"n_cols":12,"rows_kept":6,"flags":["formulas_cached_only"]}
["Vendor","Part_Number","Nand_ID","AddrCycle","IOWidth","TotalSize_MB","BlockSize_KB","PageSize_B","SpareSize_B","Timing","CacheRead","RandomRead"]
["ELPIDA","EHD013151MA_50","0x20BC105554",5,16,512,128,2048,64,"0x1123","NO","NO"]
["Samsung","K524G2GACB_A050","0xECBC005554",5,16,512,128,2048,64,"0x1123","NO","NO"]
["Micron","MT29C4G96MAZAPCJA_5IT","0x2CBC905556",5,16,512,128,2048,64,"0x21044333","NO","NO"]
["Samsung","KA100O015E_BJTT","0xECBC006656",5,16,512,256,4096,128,"0x21044333","NO","YES"]
["Hynix","H9DA4GH4JJAMCR_4EM","0xADBC905554",5,16,512,128,2048,64,"0x10801011","NO","NO"]

{"sheet":"emmc_region","index":2,"n_rows":13,"n_cols":11,"rows_kept":13,"flags":["formulas_cached_only"]}
["Part Number","Vendor","Boot1(KB)","Boot2(KB)","RPMB(KB)","GP1","GP2","GP3","GP4","User(KB)","TotalSize(MB)"]
["H9DP32A4JJMCGR","Hynix",2048,2048,2048,0,0,0,0,3778560,3696]
["H9TP33A8LDMCMR","Hynix",2048,2048,2048,0,0,0,0,3524608,3448]
["H9TP32A4GDMCPR","Hynix",2048,2048,2048,0,0,0,0,3778560,3696]
["H9TP32A8JDACPR_KGM","Hynix",2048,2048,2048,0,0,0,0,3778560,3696]
["H9TQ65A8JTMCUR_KTM ","Hynix",4096,4096,4096,0,0,0,0,7634944,7468]
["KMSJS000KM_B308","Samsung",1024,1024,128,0,0,0,0,3817472,3730.125]
["KMNJS000ZM_B205","Samsung",1024,1024,128,0,0,0,0,3815296,3728]
["KMJJS000WM_B409","Samsung",1024,1024,128,0,0,0,0,3817472,3730.125]
["KMKLL000UM_B406","Samsung",512,512,128,0,0,0,0,3906432,3816]
["KMKJS000VM_B309","Samsung",1024,1024,128,0,0,0,0,3815296,3728]
["MT29KZZZ4D4TGFAK_5W","Micron",2048,2048,2048,{"$nulls":4},3900000]
["END"]